Culture G commençant par H - Statistiques

Statistiques générales
  • Ce quiz a été pris 211 fois
  • Le résultat moyen est 16 sur 30
Statistiques - réponses
Questions Réponses % Correct
Elle fait tic-tac Horloge
95%
Cousin de la chouette Hibou
93%
Entre Automne et Printemps Hiver
92%
Tegucigalpa est la capitale de se pays Honduras
91%
Au billard, ce chiffre apparaît sur la bille noire Huit
88%
Elle permet aux animaux de conserver leur énergie durant la saison froide Hibernation
86%
Engin pouvant voler et secourir des victimes en milieu périlleux Hélicoptère
85%
Système d'écriture figurative appartenant a l'Égypte Hiéroglyphe
82%
10000m² en représente qu'un Hectare
80%
Pharrell Williams l'est dans sa chanson Happy
79%
Nom donné aux 8 milliards de personnes sur Terre Humains
75%
Multiple champion du monde de Formule 1 Lewis Hamilton
71%
Outil de travail se rapprochant phonétiquement de la lettre Hache
68%
Département n°34 Hérault
67%
Ville dans le Top10 du Vietnam en ne comptant pas l'ancienne capitale Hanoï / Haiphong / Hué
55%
Chef d'État irakien disparu en 2006 Saddam Hussein
52%
Viktor Krum l'accompagne pour aller au bal Hermione
50%
Permet de payer le parking Horodateur
50%
En 2020 ce prénom était porté 149840 fois Hugo
40%
Capitale du Zimbabwe Harare
36%
Nationalité du pilote moto Gabor Talmasci Hongroise
35%
Relatif à l'Israel Hébreux
34%
Identité de Henry Charles Albert David Prince Harry
21%
Fleur de Bretagne dont l'origine est asiatique Hortensia
16%
Fait de pièces et de morceaux non assortis Hétéroclite
11%
Limitation des possibilités d'interaction d'un individu avec son environnement Handicap
8%
Il fait parti de la portion inférieure du diencéphale Hypothalamus
7%
Point culminant du Pérou Huascaran
4%
Devise monétaire de l'Ukraine depuis 1996 Hryvnia
3%
Synonyme de quartz hématoïde Hyacinthe
2%
Aucun quiz correspondant
Distribution des résultats
% des personnes avec chaque résultat
Percentile par nombre de réponses
Votre historique - résultats
Vous n’avez pas pris ce quiz